Statystyki dla Żużel: Czy potrafisz wymienić wszystkich zawodników ekstraligi 2024?

Kliknij tutaj aby rozwiązać quiz!

Ogólne statystyki

  • Ten quiz został rozwiązany 130 razy
  • Średni wynik to 43 z 56

Statystyki odpowiedzi

HintOdpowiedź% Poprawnych
Motor LublinBartosz Zmarzlik
99%
Sparta WrocławMaciej Janowski
95%
Apator ToruńPatryk Dudek
91%
Sparta WrocławArtiom Łaguta
90%
Motor LublinDominik Kubera
90%
Motor LublinFredrik Lindgren
90%
Unia LesznoJanusz Kołodziej
90%
Motor LublinJack Holder
89%
Falubaz Zielona GóraJarosław Hampel
88%
Włókniarz CzęstochowaLeon Madsen
88%
Motor LublinMateusz Cierniak
88%
Sparta WrocławTai Woffinden
88%
Stal GorzówMartin Vaculik
85%
Motor LublinBartosz Bańbor
84%
GKM GrudziądzJason Doyle
83%
Włókniarz CzęstochowaMaksym Drabik
83%
Falubaz Zielona GóraPiotr Pawlicki
83%
Falubaz Zielona GóraPrzemysław Pawlicki
83%
Apator ToruńPaweł Przedpełski
82%
Apator ToruńRobert Lambert
82%
Motor LublinWiktor Przyjemski
82%
Sparta WrocławDaniel Bewley
81%
Unia LesznoGrzegorz Zengota
80%
Włókniarz CzęstochowaMikkel Michelsen
80%
Stal GorzówSzymon Woźniak
80%
Sparta WrocławBartłomiej Kowalski
79%
Apator ToruńEmil Sajfutdinow
79%
Apator ToruńKrzysztof Lewandowski
79%
Stal GorzówOskar Paluch
79%
Apator ToruńWiktor Lampart
79%
Stal GorzówAnders Thomsen
77%
Włókniarz CzęstochowaKacper Woryna
77%
Unia LesznoBartosz Smektała
76%
Unia LesznoDamian Ratajczak
75%
Stal GorzówJakub Miśkowiak
75%
Włókniarz CzęstochowaMads Hansen
73%
GKM GrudziądzMax Fricke
73%
GKM GrudziądzKacper Pludra
72%
Stal GorzówOskar Fajfer
70%
Sparta WrocławJakub Krawczyk
69%
Unia LesznoKeynan Rew
69%
Sparta WrocławMarcel Kowolik
69%
Apator ToruńMateusz Affelt
69%
GKM GrudziądzJaimon Lidsey
67%
GKM GrudziądzWadim Tarasienko
67%
Falubaz Zielona GóraJan Kvech
66%
Włókniarz CzęstochowaKajetan Kupiec
66%
Unia LesznoAndrzej Lebiediew
64%
Unia LesznoAntoni Mencel
64%
Stal GorzówJakub Stojanowski
64%
Falubaz Zielona GóraRasmus Jensen
63%
GKM GrudziądzKevin Małkiewicz
60%
Falubaz Zielona GóraOskar Hurysz
60%
Falubaz Zielona GóraKrzysztof Sadurski
59%
Włókniarz CzęstochowaKacper Halkiewicz
57%
GKM GrudziądzKacper Łobodziński
57%

Rozkład punktacji

Percentyl według liczby udzielonych odpowiedzi

Procent ludzi z każdym wynikiem

Twoja historia wyników

Nie rozwiązałeś tego quizu